地图上的春秋时期 - Statistics

General Stats
  • This quiz has been taken 717 times
  • The average score is 6 of 7
Answers on the Map
Answers color-coded by a green-red scale on the quiz's map according to % correct below.
 
Answer Stats
公爵 霸主 % Correct
99%
98%
98%
92%
句踐
91%
闔閭
89%
79%
No matching quizzes found
Score Distribution
Percent of People with Each Score
Percentile by Number Answered
Your Score History
You have not taken this quiz